000 00757nmc a2200301 a 4500
003 AR-BaBNM
005 20251128205822.0
008 218019s1996 ||||||||||||||000 | spa||
020 _a950-07-1053-6
040 _cAR-BaBNM
100 1 _aWolf, Ema
245 1 0 _a¡Qué animales!
246 1 _aQué animales!
260 _aBuenos Aires
_bSudamericana
_c1996
300 0 _a51 p.
_bil.
490 0 _aPrimera Sudamericana
650 4 _aLITERATURA ARGENTINA
650 4 _aLITERATURA INFANTIL
650 4 _aLIBROS PARA NINOS
650 4 _aCUENTOS DE ANIMALES
650 4 _aFABULAS
650 4 _aCOSTUMBRES Y TRADICIONES
655 _aLITERATURA
700 1 _aNine, Carlos
_eilustrador
800 0 _aCanela
942 _cBK
998 _cMARTIN
999 _c12936
_d12936